Rim'K feats - Statistiques

Statistiques générales
  • Ce quiz a été pris 11 fois
  • Le résultat moyen est 31 sur 181
Statistiques - réponses
Hint Réponse % Correct
Yes we can (2012); Paco Rayban (2013);Stupéfiant (2016) Lacrim
82%
Call of Bitume (2012) Booba
73%
Jnouné (2014); A la rue marié (2021);Légendaire (2021); Zone à risque (2021); Avec tonton (2024) Jul
73%
Le sens des affaires (2017) Naps
73%
Air Max (2018) Ninho
73%
Rien de lavable (2017); Solitude (2019);Valise (2020); Légendaire (2021) SCH
73%
Alien (2016); 911 (2018) Alonzo
64%
Le couloir de la mort (2004); Terrain vague (2007);Vies illégales (2008); L'industrie (2009); Un oeil dans le rétro (2012); Easy life (2013); Big fumée (2016); Pattaya (2016); Paire d'as (2017); Hall 13 (2018); Demain j'arrête...pas (2023); Vitryo de Janeiro (2023) AP
64%
Valise (2020); Répondeur (2022) Koba LaD
64%
Run (2025) SDM
64%
Immigri (2018); Kush (2020) YL
64%
Panam Hall Starz (2003); GT Hall 13 (2004);On flirte (2007); Célébration (2009) 113
55%
Déconnectés (2014); Vida Loca (2016); L'héritier (2016);J'suis comme toi (2016); Mama Nostra (2017) Lartiste
55%
Toutes générations (2020); Cosmos (2021);A la rue marié (2021) PLK
55%
Légendaire (2021); Tout le temps (2025) Soprano
55%
Téléphone arabe (2010) Tunisiano
55%
Metaverse (2023) Freeze Corleone
45%
Intact (2004); A nos pères et à nos mères (2004);T'as le choix (2006) Kery James
45%
Le billet de banque (2007); Téléphone arabe (2010);Arabia - Remix All Stars (2011); Marche comme un soldat (2012) Médine
45%
Arabia - Remix All Stars (2011); Yes we can (2012);La vie d'artiste (2012); Fatalité (2019) Mister You
45%
Paris la nuit (2016) Nekfeu
45%
Le bruit de pé-pom (2008); Paco Rayban (2013);Sphinx (2014) Seth Gueko
45%
Delorean (2018) Vald
45%
Rose rouge (2020) Dadju
36%
Panam Hall Starz (2003): Dicton du bled (2009) Diam's
36%
Nuit blanche (2020); Benzo (2021) Hamza
36%
Téléphone arabe (2010) La Fouine
36%
Arabia - Remix All Stars (2011); A la rue marié (2021) L'Algérino
36%
Tu déconnes (2019); Benzo (2021) Leto
36%
Easy life (2013); Delbor - Remix (2015); Hitch (2017) Sadek
36%
Parloir fantôme (2007); La crise (2009) Sefyu
36%
Panam Hall Starz (2003); D'où je viens (2006);Arabia - Remix All Stars (2011) Sniper
36%
Game Plan (2025) TH
36%
Déposer les armes (2006) Alpha 5.20
27%
Trap House (2024); Mc Gregor (2024) Alpha Wann
27%
Le blues ce soir (2005); Avec le coeur (2005) Assia
27%
Yellow (2020); Donut (2023)Bienvenue dans High & Fines Herbes (2025) Caballero
27%
Bienvenue dans High & Fines Herbes (2025) Heuss l'enfoiré
27%
Célébration (2009) Jamel Debbouze
27%
Yellow (2020); Donut (2023)Bienvenue dans High & Fines Herbes (2025) JeanJass
27%
Go (2024) Kekra
27%
Téléphone arabe (2010) Keny Arkana
27%
Au-delà des apparences (2009) Kenza Farah
27%
French Riviera (2025) L2B
27%
Haute ciminologie (2004); L'instinct de mort (2008);Le son du ter-ter - Remix (2009); Légendaire (2021) Lino
27%
Téléphone arabe (2010); Marche comme un soldat (2012);Paco Rayban (2013); Toujours tarco (2014); Click Click Paw - Remix (2014) Mac Tyer
27%
Retour aux sources (2004); Clandestino (2007);Pour elles (2009) Mohamed Lamine
27%
Papel (2021) Morad
27%
Légendaire (2021) Oxmo Puccino
27%
Famille nombreuse (2007); La crise (2009);Arabia - Remix All Stars (2011) Reda Taliani
27%
Panam Hall Starz (2003); 40 lignes 40 balles (2006);Arabia - Remix All Stars (2011) Sinik
27%
HEAVYWEIGHT (2023) ZKR
27%
Bienvenue (2009) Ademo
18%
Double-brochette (2012) Alkpote
18%
Mi Amor (2016) Amine
18%
Regard noir (2023) Ashe 22
18%
Sphinx (2014) Ateyaba/Joke
18%
Légendaire (2021) Calbo
18%
Hood (2021) DA Uzi
18%
Un oeil dans le rétro (2012); Delbor - Remix (2015) Despo Rutti
18%
Fugitive (2022) Didine Canon 16
18%
Le billet de banque (2007); La crise (2009);Le son du ter-ter - Remix (2009) Dry
18%
Numéro 23 (2025) Genezio
18%
Click Click Paw - Remix (2014) Gradur
18%
Urbaine poésie (2012) Grand Corps Malade
18%
Panam Hall Starz (2003); Arabia - Remix All Stars (2011) Haroun
18%
Mc Gregor (2024) Infinit
18%
L'enfant du pays (2004); Retour aux sources (2004) Khaled
18%
Brrr (2021) Laylow
18%
Marche comme un soldat (2012) Le Rat Luciano
18%
Marche comme un soldat (2012) Mac Kregor
18%
Raging Bull (2004) Mafia K'1 Fry
18%
Viens on s'arrange (2012) Niro
18%
Ayia Napa (2026) Ramos
18%
Ainsi va la rue (2025) Saïf
18%
Panam Hall Starz (2003); Capitale du crime (2008);Téléphone arabe (2010); Marche comme un soldat (2012) Salif
18%
Lela (2022) Soolking
18%
Panam Hall Starz (2003) Tandem
18%
Cicatrice (2024) Zamdane
18%
Panam Hall Starz (2003) Zoxea
18%
Le bruit de pé-pom (2008) 25G
9%
A qui tu parles (2006) Apollo J
9%
Célébration (2009) Awa Imani
9%
Le jour J (2009) Cheba Maria
9%
Normal (2024) Demi Portion
9%
Jnouné (2014) Dieselle
9%
Bienvenue dans High & Fines Herbes (2025) ElGrandeToto
9%
Tellement (2024) Enima
9%
Santiago Bernabéu (2020) Farid Bang
9%
Le récital (2004) Faya Dem
9%
Hommage (2007) Gimenez E
9%
Capritour (2017) Hooss
9%
A la rue marié (2021) Hornet La Frappe
9%
A la rue marié (2021); Zone à risque (2021) Houari
9%
Drive-by à l'algérienne (2012) Hype Hagrah
9%
Click Click Paw - Remix (2014); Pour les miens (2024) Jack Many
9%
Voriz le hachoir (2014) Jason Voriz
9%
Harraga (2009); On reste fiers (2012);Tonton Music Club - Remix (2012) Kader Japonais
9%
Pour elles (2009) Kamelancien
9%
Zone à risque (2021) Kanoé
9%
Déconnectés (2014); Mehlia (2015) Kayna Samet
9%
Mektoub (2019); Urus 6.9 (2023) L'Allemand
9%
Sans prise de tête (2009) Les Grandes Gueules
9%
Dangereux (2006); Vies illégales (2008);Coup de pression (2010); Fic-tra (2016) LIM
9%
10 000 traffics (2004); Dangereux (2006) Manu Key
9%
10 000 traffics (2004) Mista Flo
9%
Moul 504 (2016) Moumen
9%
I love my Bled (2012) Nassi
9%
Chez toi c'est chez moi (2009) Nessbeal
9%
Darwa (2022) Nono
9%
Téléphone arabe (2010); Marche comme un soldat (2012) Ol Kainry
9%
Légendaire (2021) REDK
9%
A nos pères et à nos mères (2004) Ryad
9%
Darwa (2022) Ryan
9%
Harraga (2009) Selim du 94
9%
Le récital (2004) Serex
9%
A qui tu parles (2006); Bouzillé (2006) Seven
9%
Donut (2023) Soso Maness
9%
Bienvenue dans High & Fines Herbes (2025) Stony Stone
9%
Bienvenue dans High & Fines Herbes (2025) ThaHomey
9%
Tant pis (2024) TIF
9%
A la rue marié (2021) Timal
9%
Zone à risque (2021) Yaro
9%
Faya (2020) 3robi
0%
La Vie Nous A Balafré (2009) Azad
0%
Arabia - Remix All Stars (2011) Bakar
0%
Meryoula (2017) Blanka
0%
Unique (2023) Bob Marlich
0%
Easy life (2013) Caprice
0%
183 (2019) Carson
0%
Ana Wana (2025) Cheb Abbes
0%
Frenesik laboratoire (2011) Derder
0%
Marche comme un soldat (2012) Dixon
0%
Zone à risque (2021) Drime
0%
Les Enfants De La Kyfun (2011);Tonton Music Club (2012) Fransisco
0%
Panam Hall Starz (2003) G-Kill
0%
Click Click Paw - Remix (2014) Grödash
0%
Santiago Bernabéu (2020) Guè Pequeno
0%
Von Frankfurt bis Paris (2011) Haftbefehl
0%
Delbor - Remix (2015) Haks
0%
Pilotes Crack Musik (2007) Hamza Lemhani
0%
D'où je viens (2006) Idir
0%
Au tournant (2004) Janice Leca
0%
J'suis comme toi (2016) John Mamann
0%
Click Click Paw - Remix (2014) Juicy P
0%
Unique (2023) Jwles
0%
Zone à risque (2021) Kamikaz
0%
Par tradition (2004) Karl The Voice
0%
Bienvenue dans High & Fines Herbes (2025) Kay The Prodigy
0%
Monster (2010) Kool Shen
0%
Vies illégales (2008); Coup de pression (2010) Krystal
0%
Arabia - Remix All Stars (2011) Leck
0%
Le gros (2007) Les Affranchis
0%
Panam Hall Starz (2003) L'Skadrille
0%
Zone à risque (2021) Makiavel
0%
Business (2022) Malty 2BZ
0%
Panam Hall Starz (2003) Mano Kid Mesa
0%
A nos pères et à nos mères (2004) Menzo
0%
United (2009) Mohamed Allaoua
0%
Arabia - Remix All Stars (2011) Mokless
0%
Bouzillé (2006) Mooch
0%
Famille nombreuse (2007); United (2009) Nourou
0%
Pour elles (2009); Rafales (2011) OGB
0%
Déposer les armes (2006) O'Rosko Raricim
0%
On flirte (2007) Psy 4 de la Rime
0%
Everyday (2016) Rich Homie Quan
0%
Zone à risque (2021) Rimkus
0%
Le jour J (2009) RR
0%
Rafales (2011) Salim
0%
Drive-by à l'algérienne (2012); Kichta (2024) Sazamyzy
0%
Clandestino (2007) Sheryne
0%
Titulaire indiscutabel (2010) Six
0%
Tout le temps (2025) So La Lune
0%
A la rue marié (2021) Solda
0%
Easy life (2013); No Future (2017) S.Pri Noir
0%
Pour toi et moi (2014) Tahra Sana
0%
Zone à risque (2021) Tazz
0%
Meryoula (2017) TiiwTiiw
0%
Urbaine poésie (2012) Toma
0%
Rachid System (2004); La route du soleil (2009) Zahouania - الزهوانية
0%
Vitryo (2011); Delbor - Remix (2015) Zesau
0%
Aucun quiz correspondant
Distribution des résultats
% des personnes avec chaque résultat
Percentile par nombre de réponses
Votre historique - résultats
Vous n’avez pas pris ce quiz